Stolice Ameryki Południowej na mapie - Statystyki

Ogólne statystyki
  • Ten quiz został rozwiązany 832 razy
  • Średni wynik to 10 z 16
Odpowiedzi na mapie
Odpowiedzi zakodowano w zielono-czerwonej skali na mapie do tego quizu, zgodnie z poniższymi procentami.
 
Statystyki odpowiedzi
Państwo Stolica % Poprawnych
Brazylia Brasilia
95%
Argentyna Buenos Aires
93%
Kolumbia Bogota
86%
Chile Santiago
86%
Peru Lima
85%
Urugwaj Montevideo
85%
Wenezuela Caracas
76%
Ekwador Quito
75%
Boliwia La Paz
71%
Boliwia Sucre
63%
Gujana Georgetown
61%
Paragwaj Asunción
59%
Surinam Paramaribo
55%
Gujana Francuska Kajenna
20%
Falklandy Stanley
13%
WyspyGalapagos Puerto Baquerizo Moreno
5%
Nie znaleziono quizów pasujących do podanych kryteriów
Rozkład punktacji
Procent ludzi z każdym wynikiem
Percentyl według liczby udzielonych odpowiedzi
Twoja historia wyników
Nie rozwiązałeś tego quizu